000
00246nam a22001217a 4500
008
181029b xxu||||| |||| 00| 0 eng d
041
_a
eng
080
_a
910
100
_a
41
101
_a
GJEO
245
_a
Danmark
_c
Durch, Q
942
_2
udc
_c
BK
999
_c
50996
_d
50996